[Event "1994/95 Cepacol Australian Open"]
[Site "Kings Perth Hotel"]
[Date "1995.01.03"]
[Round "5"]
[White "Harp, Joel"]
[Black "Wastell, Gary"]
[Result "0-1"]
[WhiteElo "1723"]
[BlackElo "1864"]

1.d4 Nf6 2.c4 e6 3.Nf3 c5 4.d5 exd5 5.cxd5 d6 6.Nc3 g6 7.Nd2 Bg7 8.Nc4 O-O
9.Bg5 h6 10.Bh4 a6 11.a4 Re8 12.e3 b6 13.Qb3 g5 14.Bg3 Ne4 15.Nxe4 Rxe4 
16.Bd3 Rxc4 17.Bxc4 Qf6 18.O-O Nd7 19.f3 Rb8 20.Qd3 Ne5 21.Bxe5 Qxe5 22.
Rab1 Bd7 23.Bxa6 Bxa4 24.b4 Re8 25.bxc5 bxc5 26.Rfe1 Bh8 27.Rb7 f5 28.Reb1
Bf6 29.Rb8 Rxb8 30.Rxb8+ Kf7 31.Bc8 c4 32.Be6+ Kg6 33.Rg8+ Kh7 34.Qxc4 
Qxe3+ 35.Kf1 Bb5 36.Qxb5 Qc1+ 37.Ke2 Qc2+ 38.Kf1 Qd1+ 39.Kf2 Bd4+ 40.Kg3 
0-1

[Event "1994/95 Cepacol Australian Open"]
[Site "Kings Perth Hotel"]
[Date "1995.01.03"]
[Round "5"]
[White "Cordover, David"]
[Black "COMP Novag Diamond"]
[Result "1-0"]
[WhiteElo "1688"]
[BlackElo "2100"]

1.c4 e5 2.Nc3 Nc6 3.g3 d6 4.Bg2 Be6 5.d3 Qd7 6.a3 O-O-O 7.b4 Bg4 8.Qa4 Kb8
9.Nb5 a6 10.Nc3 Nd4 11.b5 Ne7 12.Rb1 axb5 13.Nxb5 Ndc6 14.Be3 e4 15.Bxe4 
Bf5 16.Ba7+ Kc8 17.Bb6 Qe6 18.Nxc7 Qxe4 19.dxe4 Bxe4 20.Rd1 Bxh1 21.f3 Rd7
22.Nb5 Kb8 23.Rxd6 Rxd6 24.Bc7+ Kc8 25.Qa8+ Kd7 26.Bxd6 Nd8 27.Qb8 Ke8 28.
Qc7 Ne6 29.Qxb7 Nd8 30.Qc7 1-0

[Event "1994/95 Cepacol Australian Open"]
[Site "Kings Perth Hotel"]
[Date "1995.01.03"]
[Round "5"]
[White "Fitzpatrick, Simon"]
[Black "Meyer, Paul"]
[Result "1-0"]
[WhiteElo "2020"]
[BlackElo "1805"]

1.d4 Nf6 2.c4 e6 3.g3 c5 4.Nf3 b6 5.Bg2 Bb7 6.O-O Be7 7.b3 O-O 8.Bb2 Qc7 
9.Nc3 a6 10.d5 e5 11.d6 Bxd6 12.Qd2 Bxf3 13.Bxf3 Ra7 14.Rad1 Be7 15.Nd5 
Nxd5 16.Bxd5 d6 17.f4 Bf6 18.fxe5 dxe5 19.Rxf6 gxf6 20.Qh6 Qe7 21.Rf1 Nd7 
22.Rf5 Rc8 23.Rh5 Nf8 24.Be4 Qd8 25.Bxe5 Qd1+ 26.Kf2 fxe5 27.Bxh7+ Nxh7 
28.Qxh7+ Kf8 29.Qh6+ Ke8 30.Rxe5+ Re7 31.Qh8+ Kd7 32.Qh3+ Kd6 33.Rxe7 Qd4+
34.Re3 Rh8 35.Qf5 Rxh2+ 36.Kf3 Rh1 37.Qf4+ Qxf4+ 38.gxf4 Ra1 39.a4 Rb1 40.
Kg4 Rg1+ 41.Kf5 Rg6 42.Rd3+ Ke7 43.e4 Rf6+ 44.Kg4 Rg6+ 45.Kf3 Rh6 46.e5 
Rh3+ 47.Ke4 Rh6 48.Kf5 Rh5+ 49.Kg4 Rh8 50.Rd6 Rb8 51.f5 b5 52.f6+ Ke8 53.
Rxa6 bxa4 54.bxa4 Rb4 55.Ra8+ Kd7 56.Kf5 Rxc4 57.Ra7+ Kc6 58.Rxf7 Rxa4 59.
e6 Ra8 60.Rd7 c4 61.f7 c3 62.Rd3 1-0

[Event "1994/95 Cepacol Australian Open"]
[Site "Kings Perth Hotel"]
[Date "1995.01.03"]
[Round "5"]
[White "Ninchich, Milan"]
[Black "Lilly, Richard"]
[Result "1/2-1/2"]
[WhiteElo "1563"]
[BlackElo "1830"]

1.e4 e6 2.d4 d5 3.Nd2 Nf6 4.e5 Nfd7 5.Ngf3 c5 6.c3 Be7 7.Bd3 b6 8.O-O Ba6 
9.Ne1 Bxd3 10.Nxd3 c4 11.Nf4 Nc6 12.Qf3 b5 13.Qg3 g6 14.Nf3 b4 15.Ne2 Rb8 
16.Qh3 a5 17.Nf4 Rb6 18.Ne2 h5 19.Ne1 a4 20.f4 Ndb8 21.Nf3 Kd7 22.Ng5 Qg8 
23.Rd1 f6 24.Nf3 f5 25.Ng5 Na6 26.Ng3 Qg7 27.Nf1 Rhb8 28.Qf3 Nc7 29.Ne3 
Qg8 30.h3 Nb5 31.Nxe6 Qxe6 32.Nxd5 Ra6 33.Nxe7 Nxe7 34.d5 Qb6+ 35.Be3 Qb7 
36.cxb4 a3 37.Bc1 axb2 38.Bxb2 Qa7+ 39.Qf2 c3 40.Bc1 Qxf2+ 41.Kxf2 Rba8 
42.a3 Nxa3 43.Bxa3 Rxa3 44.Rac1 Rb8 45.Rd4 Rb3 46.g3 Rb2+ 47.Ke3 c2 48.Kd2
R8xb4 49.Rxb4 Rxb4 50.d6 Nd5 51.Rxc2 Rb3 52.Rc5 Nb6 53.Rc7+ Kd8 54.e6 Rxg3
55.Rc5 Ra3 56.Ke2 Ra4 57.Rb5 Re4+ 58.Kf2 Nc8 59.d7 Rxe6 60.dxc8=Q+ Kxc8 
61.Kg3 Kc7 62.Ra5 Kd6 63.Kh4 Re7 1/2-1/2

[Event "1994/95 Cepacol Australian Open"]
[Site "Kings Perth Hotel"]
[Date "1995.01.03"]
[Round "5"]
[White "Fraser, Lee"]
[Black "Haasse, Adam"]
[Result "0-1"]
[WhiteElo "1428"]
[BlackElo "1659"]

1.f4 g6 2.Nf3 Bg7 3.e3 Nf6 4.Bc4 O-O 5.a3 d5 6.Be2 c5 7.c4 Nc6 8.cxd5 Nxd5
9.Nc3 b6 10.O-O Bb7 11.Bc4 Na5 12.Ba2 Nxc3 13.dxc3 Qc7 14.Qe1 Rad8 15.Bd2 
Be4 16.b3 Rd7 17.Bb1 Bxf3 18.Rxf3 Nxb3 19.Ra2 Rfd8 20.Rf2 Bxc3 21.Qd1 Nxd2
22.Rfxd2 Rxd2 23.Rxd2 Rxd2 0-1

[Event "1994/95 Cepacol Australian Open"]
[Site "Kings Perth Hotel"]
[Date "1995.01.03"]
[Round "5"]
[White "Silas, Frank"]
[Black "Stubbs, Mike"]
[Result "1-0"]
[WhiteElo "1780"]
[BlackElo "1588"]

1.d4 Nf6 2.c4 g6 3.Nc3 Bg7 4.e4 d6 5.Bd3 O-O 6.h3 e5 7.Nf3 exd4 8.Nxd4 Re8
9.O-O Nbd7 10.Re1 Nc5 11.Bc2 Bd7 12.Bg5 Qc8 13.Rc1 h6 14.Bh4 Nh5 15.Nde2 
Be5 16.Bg3 Nxg3 17.fxg3 Bxh3 18.b4 Ne6 19.gxh3 Ng5 20.Nf4 Bxc3 21.Re3 Bxb4
22.Kg2 Bc5 23.Re1 c6 24.Qd2 Qd8 25.h4 Nh7 26.Nh3 Re6 27.Qxh6 g5 28.Qh5 Re5
29.hxg5 Nxg5 30.Rh1 Qf6 31.Nxg5 Rxg5 32.Qh7+ Kf8 33.Rcf1 Qg7 34.Qh4 Re8 
35.Rf3 Ree5 36.Rhf1 Re7 37.Qh3 Rg4 38.Qh5 Bd4 39.c5 Rg5 40.Qh3 Rg4 41.cxd6
Rd7 42.Bb3 f6 43.Be6 Rxe4 44.Bxd7 Re2+ 45.Kh1 Rxa2 46.Be6 1-0

[Event "1994/95 Cepacol Australian Open"]
[Site "Kings Perth Hotel"]
[Date "1995.01.03"]
[Round "5"]
[White "Andrews, Charlie"]
[Black "Chambers, Matthew"]
[Result "0-1"]
[WhiteElo "1577"]
[BlackElo "1750"]

1.e4 c5 2.d4 cxd4 3.c3 d3 4.Nf3 Nc6 5.Bf4 Nf6 6.Bxd3 e6 7.Nbd2 d6 8.O-O 
Be7 9.Rc1 O-O 10.Bb1 e5 11.Bg5 Be6 12.Qe2 Qc7 13.Rfd1 Rfd8 14.Nh4 h6 15.
Bxf6 Bxf6 16.Nf5 Bxf5 17.exf5 Bg5 18.Qg4 d5 19.h4 Bf6 20.c4 dxc4 21.Ne4 
Qe7 22.Nxf6+ Qxf6 23.Qxc4 Nd4 24.g3 Nxf5 25.Rxd8+ Rxd8 26.Qe4 Nd4 27.Qh7+ 
Kf8 28.Rc8 Rxc8 29.Qh8+ Ke7 30.Qxc8 Qc6 31.Qxc6 Nxc6 32.Be4 Ke6 33.g4 g6 
34.f3 f5 35.Bd3 Nd4 36.Kf2 Kd5 37.h5 gxh5 38.gxf5 Kd6 39.Be4 b6 40.Bd3 Ke7
41.Kg3 Kf6 42.Kh4 Nxf3+ 43.Kxh5 Ng5 44.Kg4 h5+ 45.Kg3 e4 46.Be2 Kxf5 47.
Bxh5 e3 48.Kg2 Ke4 49.Bg6+ Kd4 50.Kf1 Ne6 51.Bf5 Nf4 52.Bh7 Nd3 53.b3 Nc1 
54.Bb1 Kc3 55.b4 Kd2 0-1

[Event "1994/95 Cepacol Australian Open"]
[Site "Kings Perth Hotel"]
[Date "1995.01.03"]
[Round "5"]
[White "Pike, David"]
[Black "Chai, Patrick"]
[Result "0-1"]
[WhiteElo "1435"]
[BlackElo "1632"]

1.e4 e6 2.d4 d5 3.Nc3 Nf6 4.Bg5 Be7 5.e5 Nfd7 6.Be3 c5 7.f4 Nc6 8.Nf3 O-O 
9.Bb5 a6 10.Bxc6 bxc6 11.O-O cxd4 12.Bxd4 c5 13.Bf2 Rb8 14.b3 a5 15.Qd2 
Ba6 16.Rfd1 c4 17.Nxd5 exd5 18.Qxd5 Rb7 19.e6 Nf6 20.exf7+ Kh8 21.Qe6 Qa8 
22.Ne5 Bb4 23.Qh3 Rfxf7 24.Nxf7+ Rxf7 25.Bb6 Rf8 26.c3 Qc6 27.Bd4 Bc5 28.
Kh1 Bb7 29.Qg3 Bxd4 30.Rxd4 Nh5 31.Qf2 Nxf4 32.Rxc4 Qd6 33.Rd4 Qg6 34.Rg1 
Ne6 35.Qd2 Nxd4 36.Qxd4 Bxg2+ 37.Rxg2 Rf1+ 38.Rg1 Qc6+ 0-1

[Event "1994/95 Cepacol Australian Open"]
[Site "Kings Perth Hotel"]
[Date "1995.01.03"]
[Round "5"]
[White "Paxman, Jonathan"]
[Black "Dwyer, William"]
[Result "1-0"]
[WhiteElo "1612"]
[BlackElo "1274"]

1.c4 Nf6 2.Nc3 e6 3.e4 d5 4.cxd5 exd5 5.e5 d4 6.exf6 dxc3 7.fxg7 cxd2+ 8.
Bxd2 Bxg7 9.Qb3 Qe7+ 10.Be2 Qe6 11.Qc2 Qb6 12.Bc3 Bxc3+ 13.Qxc3 Rf8 14.Nf3
Nd7 15.O-O Qc5 16.Qg7 Qf5 17.Rfe1 Kd8 18.Rad1 Re8 19.Ng5 1-0

[Event "1994/95 Cepacol Australian Open"]
[Site "Kings Perth Hotel"]
[Date "1994.01.03"]
[Round "5"]
[White "Boyd, Tristan"]
[Black "Bosnyak, Louise"]
[Result "1-0"]
[WhiteElo "1443"]
[BlackElo "985"]

1.d4 Nf6 2.c4 d5 3.cxd5 Nxd5 4.e4 Nb6 5.Nc3 e6 6.Bd3 c5 7.Nf3 cxd4 8.Nxd4 
Qxd4 9.Bb5+ Qd7 10.Bxd7+ Bxd7 11.O-O g6 12.Bg5 Bg7 13.Nb5 Be5 14.f4 a6 15.
fxe5 axb5 16.Qf3 O-O 17.Bh6 Nc6 18.Qf6 Nxe5 19.Qg7# 1-0

[Event "1994/95 Cepacol Australian Open"]
[Site "Kings Perth Hotel"]
[Date "1995.01.03"]
[Round "5"]
[White "List, Ross"]
[Black "Fonteneau, Andrew"]
[Result "1/2-1/2"]
[WhiteElo "1651"]
[BlackElo "1482"]

1.d4 Nf6 2.c4 g6 3.Nc3 d5 4.Nf3 Bg7 5.cxd5 Nxd5 6.Qb3 Nxc3 7.bxc3 O-O 8.e3
Nd7 9.Ba3 Nb6 10.e4 c6 11.Be2 Be6 12.Qb4 Re8 13.Rb1 Bxa2 14.Rb2 Be6 15.O-O
Rb8 16.Ng5 Qd7 17.Nxe6 Qxe6 18.f3 Qd7 19.Rd1 e6 20.Rbb1 Bf8 21.Qa5 Ra8 22.
Bc1 Qc7 23.Be3 Reb8 24.g3 Bd6 25.c4 Nd5 26.Qxc7 Nxc7 27.c5 Bf8 28.Bc4 Rc8 
29.Rxb7 Ne8 30.Rbb1 a5 31.Rb6 Be7 32.Ba6 Rd8 1/2-1/2

[Event "1994/95 Cepacol Australian Open"]
[Site "Kings Perth Hotel"]
[Date "1995.01.04"]
[Round "6"]
[White "Dinh Duc Trong"]
[Black "Harp, Joel"]
[Result "1-0"]
[WhiteElo "2200"]
[BlackElo "1723"]

1.c4 e5 2.Nc3 d6 3.g3 Nd7 4.Bg2 Ngf6 5.e3 Be7 6.Nge2 O-O 7.O-O c6 8.d4 a6 
9.b3 Qc7 10.Bb2 Re8 11.Qd3 Bf8 12.h3 Rb8 13.Rac1 b5 14.cxb5 axb5 15.Nxb5 
Qa5 16.Bxc6 Ba6 17.a4 d5 18.Nec3 e4 19.Qb1 Rbc8 20.Bxd7 Nxd7 21.Nxd5 Bxb5 
22.axb5 Qxb5 23.Rxc8 Rxc8 24.Qxe4 Kh8 25.Rc1 Rxc1+ 26.Bxc1 Qxb3 27.Kg2 g6 
28.Bd2 Qb7 29.Nf6 1-0

[Event "1994/95 Cepacol Australian Open"]
[Site "Kings Perth Hotel"]
[Date "1995.01.04"]
[Round "6"]
[White "Wohl, Aleksandar H"]
[Black "Field, Jason"]
[Result "1-0"]
[WhiteElo "2305"]
[BlackElo "1786"]

1.g3 Nf6 2.Bg2 d5 3.Nf3 c5 4.O-O Nc6 5.d4 e6 6.c4 Be7 7.Nc3 O-O 8.cxd5 
exd5 9.dxc5 Bxc5 10.Bg5 d4 11.Bxf6 Qxf6 12.Nd5 Qd8 13.Nd2 Be6 14.Nf4 Qd7 
15.Nb3 Bb6 16.Rc1 Bxb3 17.Qxb3 Rfe8 18.Qa4 Rac8 19.Bh3 f5 20.Bg2 Kh8 21.
Rc2 Ne5 22.Qxd7 Nxd7 23.Rfc1 Rxc2 24.Rxc2 Nc5 25.b4 Ne4 26.g4 Nxf2 27.Nd3 
Nxg4 28.Bxb7 Ne3 29.Rc1 g6 30.a4 Rb8 31.Bf3 Kg7 32.a5 Bd8 33.Rc6 Be7 34.
Rc7 Kf6 35.Rxa7 Bxb4 36.a6 Rb5 37.Rb7 Rxb7 38.Bxb7 1-0

[Event "1994/95 Cepacol Australian Open"]
[Site "Kings Perth Hotel"]
[Date "1995.01.04"]
[Round "6"]
[White "Van Rooy, Andrew"]
[Black "Byrne, Stewart"]
[Result "0-1"]
[WhiteElo "1676"]
[BlackElo "2175"]
[EventDate "1994.12.28"]
[PlyCount "96"]

1.Nf3 Nf6 2.g3 d5 3.Bg2 c6 4.b3 Bg4 5.Bb2 Nbd7 6.d3 e6 7.Nbd2 Bd6 8.c4 O-O
9.O-O e5 10.h3 Bh5 11.e4 Re8 12.Rc1 a5 13.Qc2 dxe4 14.Nxe4 Nxe4 15.dxe4 
Bxf3 16.Bxf3 Qe7 17.Rfd1 Red8 18.Rd2 Bb4 19.Bc3 Nc5 20.Rcd1 f6 21.a3 Bxc3 
22.Qxc3 Rxd2 23.Rxd2 Ne6 24.Bg4 Nd4 25.c5 Qf7 26.f4 a4 27.b4 Qb3 28.Qd3 
Qxd3 29.Rxd3 Kf7 30.Kf2 Ke7 31.Bd1 Kd7 32.Ke3 Kc7 33.Rd2 Nb5 34.Ra2 b6 35.
fxe5 fxe5 36.Be2 bxc5 37.bxc5 Ra5 38.Kd3 Nd4 39.Kc4 Nb3 40.Kb4 Rxc5 41.
Kxa4 Rc3 42.Kb4 Rxg3 43.Bg4 Nc1 44.Rd2 Rb3+ 45.Kc4 Rxa3 46.Rd7+ Kb6 47.
Rxg7 Na2 48.Bc8 Rc3# 0-1

[Event "1994/95 Cepacol Australian Open"]
[Site "Kings Perth Hotel"]
[Date "1995.01.04"]
[Round "6"]
[White "Ellis, David"]
[Black "Paxman, Jonathan"]
[Result "1/2-1/2"]
[WhiteElo "1943"]
[BlackElo "1612"]

1.Nf3 Nf6 2.g3 g6 3.b4 Bg7 4.Bb2 O-O 5.Bg2 c6 6.O-O Na6 7.a3 d5 8.d3 Bd7 
9.Nbd2 Qc8 10.c4 Bh3 11.b5 Bxg2 12.Kxg2 cxb5 13.cxb5 Nc7 14.a4 b6 15.Qb3 
a6 16.Rfc1 axb5 17.Be5 Nfe8 18.Bxg7 Kxg7 19.axb5 Rxa1 20.Rxa1 Nd6 21.Qb2+ 
Kg8 22.Nd4 Qd7 23.Ra7 Ra8 24.Rxa8+ Nxa8 25.N2f3 Nc7 26.Ne5 Qe8 27.Nec6 
Ncxb5 28.Nxe7+ Qxe7 29.Nxb5 Nxb5 30.Qxb5 Qxe2 31.Qxd5 Qe6 1/2-1/2

[Event "1994/95 Cepacol Australian Open"]
[Site "Kings Perth Hotel"]
[Date "1995.01.04"]
[Round "6"]
[White "Lubtschenko, Wally"]
[Black "Teh, Eu-Jin"]
[Result "0-1"]
[WhiteElo "1622"]
[BlackElo "1862"]

1.d4 Nf6 2.Nc3 d5 3.Bg5 b6 4.Nf3 Bb7 5.e3 e6 6.Bd3 Be7 7.O-O O-O 8.h3 c5 
9.Ne5 Nc6 10.a3 h6 11.Bh4 Nd7 12.Bxe7 Qxe7 13.Nf3 Rac8 14.Re1 Rfd8 15.Na4 
e5 16.Be2 Qf6 17.dxe5 Ndxe5 18.Nc3 Ne7 19.Nxe5 Qxe5 20.Bg4 Rc6 21.Bf3 Rg6 
22.Bh5 Re6 23.Qf3 g6 24.Nb5 Rf6 25.Qg3 Qxg3 0-1

[Event "1994/95 Cepacol Australian Open"]
[Site "Kings Perth Hotel"]
[Date "1995.01.04"]
[Round "6"]
[White "Hirschhorn, Jeremy"]
[Black "Fletcher, Ted"]
[Result "1-0"]
[WhiteElo "1987"]
[BlackElo "1626"]

1.e4 e5 2.f4 d5 3.exd5 e4 4.d3 Qxd5 5.Qe2 Nf6 6.Nd2 Bg4 7.Ngf3 Bxf3 8.gxf3
e3 9.Ne4 Be7 10.Rg1 Qa5+ 11.c3 Nd5 12.Bxe3 Nxe3 13.Qxe3 O-O 14.Qd4 g6 15.
Qf2 Nd7 16.d4 Rfe8 17.Bc4 Qf5 18.O-O-O Qxf4+ 19.Kb1 Bh4 20.Qg2 Nf6 21.Nc5 
Re3 22.Nd3 Qf5 23.Ka1 b5 24.Qd2 bxc4 25.Qxe3 cxd3 26.Qxd3 Qxd3 27.Rxd3 Nd5
28.Rg4 Be7 29.Re4 f5 30.Re5 Rd8 31.a3 Kf7 32.Rd2 Bf6 33.Re1 Bh4 34.Re5 Bf6
35.Re1 Nb6 36.Kb1 Nc4 37.Rde2 Nd6 38.Kc2 Re8 39.Rxe8 Nxe8 40.Kd3 Nd6 41.a4
c6 42.b4 a6 43.c4 g5 44.d5 cxd5 45.cxd5 g4 46.Re6 Be7 47.fxg4 fxg4 48.Ke3 
h5 49.Kf4 Ke8 50.Rh6 Nf7 51.Rxh5 Bxb4 52.Kxg4 a5 53.Kf5 Be7 54.Rh7 Ng5 55.
Rxe7+ 1-0

[Event "1994/95 Cepacol Australian Open"]
[Site "Kings Perth Hotel"]
[Date "1995.01.04"]
[Round "6"]
[White "Chambers, Matthew"]
[Black "Hanks, John N"]
[Result "0-1"]
[WhiteElo "1750"]
[BlackElo "1903"]

1.d4 Nf6 2.Nf3 d5 3.c4 c6 4.cxd5 cxd5 5.Nc3 Nc6 6.Bf4 e6 7.e3 a6 8.Bd3 Be7
9.Rc1 O-O 10.O-O Bd7 11.Ne5 Rc8 12.Bb1 Nxe5 13.Bxe5 Bc6 14.f4 g6 15.g4 Ne4
16.f5 f6 17.Bf4 exf5 18.gxf5 g5 19.Bxe4 gxf4 20.Qb3 Kh8 21.Bxd5 fxe3 22.
Rce1 b5 23.a3 Qb6 24.Bxc6 Rxc6 25.Qd5 Bxa3 26.Na4 bxa4 27.bxa3 Rd8 28.Qe4 
Rcd6 29.Rxe3 Rxd4 30.Qe7 Rg4+ 31.Kf2 Rf4+ 32.Kg2 Rxf1 33.Kxf1 Qb1+ 34.Kf2 
Qxf5+ 35.Rf3 Qc2+ 36.Kg3 Rg8+ 37.Kf4 Qd2+ 38.Kf5 Qg5+ 39.Ke4 Qg4+ 40.Ke3 
Qg5+ 41.Kd4 Qd2+ 42.Rd3 Rg4+ 43.Kc5 Qa5+ 44.Kc6 Qb5+ 45.Kc7 Rc4+ 0-1

[Event "1994/95 Cepacol Australian Open"]
[Site "Kings Perth Hotel"]
[Date "1995.01.04"]
[Round "6"]
[White "Salter, Michael"]
[Black "Cordover, David"]
[Result "1-0"]
[WhiteElo "1883"]
[BlackElo "1688"]

1.e4 c5 2.Nf3 Nc6 3.c3 d5 4.exd5 Qxd5 5.d4 cxd4 6.cxd4 e5 7.Nc3 Bb4 8.Bd2 
Bxc3 9.Bxc3 e4 10.Ne5 Nxe5 11.dxe5 Ne7 12.Be2 Be6 13.O-O O-O 14.Re1 Rfd8 
15.Qa4 Bd7 16.Qb4 Nc6 17.Qxb7 Rab8 18.Qc7 Be6 19.Rad1 Rdc8 20.Qxc8+ Rxc8 
21.Rxd5 Bxd5 22.Bg4 Rd8 23.Bf5 g6 24.Bxe4 Bxe4 25.Rxe4 Rd1+ 26.Re1 Rxe1+ 
27.Bxe1 Nxe5 28.Bc3 Nc6 29.b4 a6 30.Kf1 Kf8 31.Ke2 Ke7 32.Kd3 Kd6 33.Kc4 
Ne7 34.a4 Kc6 35.b5+ Kb7 36.Kc5 axb5 37.axb5 h5 38.Bd4 Nf5 39.Be3 Ne7 40.
Kd6 Nf5+ 41.Ke5 Nh4 42.Kf6 Nxg2 43.Kxf7 Nh4 44.Kf6 Nf3 45.Kxg6 h4 46.Kh5 
h3 47.Kg4 Nxh2+ 48.Kxh3 Nf1 49.Bf4 1-0

[Event "1994/95 Cepacol Australian Open"]
[Site "Kings Perth Hotel"]
[Date "1995.01.04"]
[Round "6"]
[White "Low, Sam"]
[Black "Koshnitsky, Ngan"]
[Result "1/2-1/2"]
[WhiteElo "1852"]
[BlackElo "1948"]

1.e4 e5 2.Bc4 Nf6 3.d3 d5 4.exd5 Nxd5 5.Nf3 Nc6 6.Nc3 Bb4 7.Bd2 Bxc3 8.
bxc3 O-O 9.O-O Bg4 10.Re1 Qd6 11.Qe2 a6 12.Qe4 Nf6 13.Qe3 Rae8 14.Ng5 Bf5 
15.Ne4 Nxe4 16.dxe4 Be6 17.Bb3 Rd8 18.Red1 Na5 19.Qe2 Qc6 20.Be1 Nc4 21.
Rd3 Nb2 22.Rxd8 Rxd8 23.Rb1 Nc4 24.Rd1 Rxd1 25.Qxd1 h6 26.Qd3 a5 27.a4 Kh7
28.f3 Nb2 29.Qb5 Qxb5 30.axb5 Bc4 31.Bd2 a4 32.Bc1 axb3 33.Bxb2 bxc2 34.b6
c6 35.Kf2 Kg6 36.Ke3 Kf6 37.Kd2 Bf1 38.g3 Bg2 39.Kxc2 Bxf3 40.Kd3 Ke6 41.
Ba3 f5 42.exf5+ Kxf5 43.Bf8 Kf6 44.c4 h5 45.Ke3 Bh1 46.h4 g6 47.Bd6 Kf5 
48.c5 Ke6 49.Bc7 Kd5 50.Bd6 Be4 51.Be7 Bf5 52.Bd6 1/2-1/2

[Event "1994/95 Cepacol Australian Open"]
[Site "Kings Perth Hotel"]
[Date "1995.01.04"]
[Round "6"]
[White "Suryadinata, Henry"]
[Black "Pavlovic, Mick"]
[Result "1-0"]
[WhiteElo "1833"]
[BlackElo "1589"]

1.c4 Nf6 2.g3 g6 3.Bg2 Bg7 4.Nc3 d6 5.e3 c5 6.Nge2 O-O 7.O-O Nc6 8.Rb1 Bd7
9.a3 Rc8 10.b4 cxb4 11.axb4 b6 12.d3 Nb8 13.b5 Rc7 14.Nf4 e6 15.Ba3 Ne8 
16.Ne4 Bc8 17.Qb3 Bb7 18.d4 e5 19.dxe5 Bxe5 20.Rfd1 Bxe4 21.Bxe4 Nf6 22.
Bg2 Ne8 23.Nd5 Rd7 24.e4 Nc7 25.f4 Bg7 26.Bh3 Nxd5 27.Rxd5 f5 28.exf5 gxf5
29.Bxf5 Bd4+ 30.Kg2 Qe7 31.Qd3 Bc5 32.Bxc5 Rxf5 33.Qxf5 bxc5 34.Qg5+ 1-0

[Event "1994/95 Cepacol Australian Open"]
[Site "Kings Perth Hotel"]
[Date "1995.01.04"]
[Round "6"]
[White "Maris, Rob"]
[Black "Macey, Daniel"]
[Result "1-0"]
[WhiteElo "1821"]
[BlackElo "1586"]

1.d4 Nf6 2.c4 c5 3.d5 b5 4.cxb5 a6 5.bxa6 Bxa6 6.Nf3 g6 7.Nc3 d6 8.g3 Bg7 
9.Bg2 O-O 10.O-O Nbd7 11.Qc2 Nb6 12.Rd1 Qc7 13.Ne1 Rfb8 14.Rb1 Ra7 15.b3 
Ng4 16.Bb2 Bd4 17.Ne4 Bxb2 18.Rxb2 Qd7 19.Nc3 Rab7 20.Rdb1 Na8 21.a3 Nc7 
22.e4 Nb5 23.Nxb5 Bxb5 24.Nf3 Qc7 25.b4 c4 26.Nd4 Bd7 27.Bf1 Qb6 28.Qc3 
Rc7 29.b5 e6 30.Nc6 Re8 31.a4 Qc5 32.Qxc4 exd5 33.Qxc5 dxc5 34.exd5 Bf5 
35.Rd1 Ne5 36.Nxe5 Rxe5 37.b6 Rb7 38.a5 Bg4 39.Ra1 Rbe7 40.b7 1-0

[Event "1994/95 Cepacol Australian Open"]
[Site "Kings Perth Hotel"]
[Date "1995.01.04"]
[Round "6"]
[White "COMP Novag Diamond"]
[Black "Klugman, Matthew"]
[Result "1-0"]
[WhiteElo "2100"]
[BlackElo "1626"]

1.e4 e5 2.Nf3 Nc6 3.Bb5 Nf6 4.O-O Nxe4 5.d4 Be7 6.Qe2 Nd6 7.Bxc6 bxc6 8.
dxe5 Nb7 9.Nc3 O-O 10.Re1 Re8 11.Qc4 Nc5 12.Ng5 Bxg5 13.Bxg5 Qxg5 14.Qxc5 
Bb7 15.Rad1 d5 16.Qb4 Bc8 17.f4 Qg6 18.Qc5 Bf5 19.Rd2 a5 20.Ne2 Qe6 21.Nd4
Qd7 22.Nxc6 Ra6 23.Nxa5 Be6 24.c4 Qa4 25.b4 dxc4 26.Nxc4 Rc6 27.Nb2 Rxc5 
28.Nxa4 Rc4 29.Nc5 Bf5 30.Red1 Rxb4 31.Na6 Rxf4 32.Nxc7 Rf8 33.Nd5 g5 34.
Nxf4 gxf4 35.Rd8 Kg7 36.Rxf8 Kxf8 37.a4 Bc2 38.Rd4 Ke7 39.a5 Bb3 40.a6 1-0

[Event "1994/95 Cepacol Australian Open"]
[Site "Kings Perth Hotel"]
[Date "1995.01.04"]
[Round "6"]
[White "Wastell, Gary"]
[Black "Fitzpatrick, Simon"]
[Result "1/2-1/2"]
[WhiteElo "1864"]
[BlackElo "2020"]

1.Nf3 d5 2.g3 Nc6 3.d4 g6 4.Bg2 Bg7 5.c3 Nf6 6.O-O O-O 7.Nbd2 Re8 8.Ne5 
Nxe5 9.dxe5 Ng4 10.Nf3 Nxe5 11.Nxe5 Bxe5 12.Bxd5 Bh3 13.Bxb7 Bxf1 14.Qxf1 
Rb8 15.Bc6 Rf8 16.Bh6 Bg7 17.Rd1 Bxh6 18.Rxd8 Rfxd8 19.b4 Rd2 20.e3 Rbd8 
21.Qa6 1/2-1/2

[Event "1994/95 Cepacol Australian Open"]
[Site "Kings Perth Hotel"]
[Date "1995.01.04"]
[Round "6"]
[White "Klimenko, Veronica"]
[Black "Lilly, Richard"]
[Result "1/2-1/2"]
[WhiteElo "1722"]
[BlackElo "1830"]

1.e4 e6 2.g3 c5 3.Bg2 Nc6 4.f4 g6 5.Nf3 Bg7 6.O-O Nge7 7.d3 d6 8.Nc3 Rb8 
9.Ne2 O-O 10.Rb1 Qa5 11.a3 b5 12.Bd2 Qa6 13.Bc3 f6 14.b4 Bb7 15.Qd2 Rfd8 
16.Bh3 Bc8 17.Bb2 e5 18.Bg2 Qb6 19.Kh1 a5 20.c3 d5 21.bxa5 Qxa5 22.Qc2 
dxe4 23.dxe4 Qc7 24.Rfd1 Be6 25.fxe5 fxe5 26.Ng5 Bc4 27.Bh3 Rxd1+ 28.Rxd1 
Nd8 29.Rd7 Qc6 30.Rxe7 Bf6 31.Rxh7 Bxg5 32.Rd7 Nf7 33.Rd1 Kg7 34.Bc1 Rh8 
35.Bg2 Qa6 36.Ng1 Bxc1 37.Qxc1 Ra8 38.Bf1 Qc6 39.Bg2 Qa6 40.Bf1 Bxf1 41.
Rxf1 Qxa3 42.Qe3 Qa7 43.Nf3 Qe7 44.Nh4 b4 45.cxb4 cxb4 46.Qb6 Nh8 1/2-1/2

[Event "1994/95 Cepacol Australian Open"]
[Site "Kings Perth Hotel"]
[Date "1995.01.04"]
[Round "6"]
[White "Haasse, Adam"]
[Black "Meyer, Paul"]
[Result "1-0"]
[WhiteElo "1659"]
[BlackElo "1805"]

1.e4 e6 2.d4 d5 3.Nd2 Nf6 4.e5 Nfd7 5.Bd3 c5 6.c3 b6 7.Qe2 cxd4 8.cxd4 Nc6
9.Ngf3 Nb4 10.a3 Nxd3+ 11.Qxd3 a5 12.Nf1 Ba6 13.Qd1 Be7 14.Ng3 O-O 15.Ne2 
Rc8 16.Be3 Qc7 17.Rc1 Qb7 18.O-O b5 19.Re1 b4 20.axb4 Bxb4 21.Nc3 Rc7 22.
Ng5 h6 23.Nh3 Nb6 24.Qg4 f5 25.exf6 Rxf6 26.Bf4 Rc6 27.Be5 Rf7 28.Nf4 Qd7 
29.Nh5 Kf8 30.Re3 g5 31.Nf6 Rxf6 32.Bxf6 e5 33.Qxd7 Nxd7 34.Bxe5 Nb6 35.
Ne2 Nc4 36.Rf3+ Ke7 37.Bg7 Re6 38.Bf8+ Kd7 39.Bxb4 Rxe2 40.Bxa5 Nxa5 41.
Ra3 Rxb2 42.Rxa5 Bc4 43.Ra7+ Ke6 44.Rh7 Rd2 45.Rxh6+ Kf5 46.Re1 Rxd4 47.h3
g4 48.hxg4+ Rxg4 49.f3 Rg8 50.Kf2 Rd8 51.Rhe6 Rg8 52.g3 1-0

[Event "1994/95 Cepacol Australian Open"]
[Site "Kings Perth Hotel"]
[Date "1995.01.04"]
[Round "6"]
[White "Dunlop, Gordon"]
[Black "Ninchich, Milan"]
[Result "1-0"]
[WhiteElo "1783"]
[BlackElo "1563"]

1.e4 e5 2.Nf3 Nc6 3.Bb5 d6 4.O-O Be7 5.d4 exd4 6.Nxd4 Bd7 7.c4 Bf6 8.Nxc6 
bxc6 9.Ba4 Rb8 10.Nc3 Ne7 11.Qd3 Ng6 12.f4 Qc8 13.Bc2 Qa6 14.b3 Qa5 15.Bd2
Qa6 16.Rae1 Qc8 17.e5 Be7 18.exd6 cxd6 19.Qxd6 Be6 20.Qd3 Bc5+ 21.Kh1 Ne7 
22.f5 Bd7 23.Ne4 Bxf5 24.Rxf5 Nxf5 1-0

[Event "1994/95 Cepacol Australian Open"]
[Site "Kings Perth Hotel"]
[Date "1995.01.04"]
[Round "6"]
[White "Baumgartner, Robert"]
[Black "Andrews, Charlie"]
[Result "0-1"]
[WhiteElo "1657"]
[BlackElo "1577"]

1.e4 d6 2.d4 g6 3.Nc3 Bg7 4.Bg5 h6 5.Bf4 Nc6 6.Nf3 Bg4 7.Be3 e5 8.d5 Nd4 
9.Be2 Nxe2 10.Qxe2 Nf6 11.h3 Bd7 12.g4 a6 13.Nh2 b5 14.f3 Nh7 15.a3 f5 16.
gxf5 gxf5 17.Qg2 Qf6 18.Rg1 Rg8 19.exf5 Bxf5 20.Ne4 Qh4+ 21.Qg3 Qxh3 22.
Qxh3 Bxh3 23.Bxh6 Kf7 24.Bd2 Bf6 25.Ng4 Bxg4 26.fxg4 Rg6 27.Ba5 Rc8 28.Ke2
Ng5 29.Ke3 Nxe4 30.Kxe4 c5 31.Rg2 Ke7 32.Rag1 Bg5 33.Rh2 Rg7 34.Rgh1 Rf8 
35.Bc3 Rf4+ 36.Kd3 Rxg4 37.Rh7 Kf6 38.Rh8 Rg3+ 39.Ke2 Bf4 40.Re8 Kf5 41.
Ra8 Rg2+ 42.Kf1 Rxc2 43.Rxa6 Rc1+ 44.Be1 Rg6 45.Rb6 Bd2 46.Ke2 Bxe1 47.
Rxe1 Rc2+ 48.Kd3 Rxb2 49.Rf1+ Kg5 50.Rg1+ Kh6 51.Rxg6+ Kxg6 52.Rxd6+ Kf5 
53.Kc3 Ra2 54.Kb3 Rd2 55.Kc3 Rd4 56.Rb6 Rxd5 57.Rxb5 e4 58.Kc4 Ke5 59.a4 
e3 60.Rb8 Rd4+ 61.Kb3 Rb4+ 62.Rxb4 cxb4 63.Kc2 b3+ 0-1

[Event "1994/95 Cepacol Australian Open"]
[Site "Kings Perth Hotel"]
[Date "1995.01.04"]
[Round "6"]
[White "Fonteneau, Andrew"]
[Black "Pilgrim, Robert"]
[Result "1-0"]
[WhiteElo "1482"]
[BlackElo "1608"]

1.e4 c5 2.Nf3 d6 3.d4 cxd4 4.Nxd4 Nf6 5.Nc3 a6 6.Be3 Nc6 7.f3 e5 8.Nb3 Be6
9.Qd2 b5 10.g4 Be7 11.O-O-O h6 12.h4 b4 13.Nd5 Nxe4 14.fxe4 Bxg4 15.Nxe7 
Kxe7 16.Be2 Bxe2 17.Qxe2 Qc7 18.Qc4 a5 19.Rhf1 Rhf8 20.Rd5 Rac8 21.Nxa5 
Nxa5 22.Qxc7+ Rxc7 23.Rxa5 Rfc8 24.Rf2 f6 25.Kb1 g5 26.hxg5 hxg5 27.Ra7 
Rxa7 28.Bxa7 Rc4 29.Re2 Ke6 30.Kc1 f5 31.exf5+ Kxf5 32.Bb8 Rd4 33.Rd2 Re4 
34.Bxd6 Re1+ 35.Rd1 Re2 36.Bxb4 g4 37.Rf1+ Kg5 38.Re1 1-0

[Event "1994/95 Cepacol Australian Open"]
[Site "Kings Perth Hotel"]
[Date "1995.01.04"]
[Round "6"]
[White "Hruby, Peter"]
[Black "Anderson-Smith, William"]
[Result "1-0"]
[WhiteElo "1384"]
[BlackElo "1556"]

1.d4 d5 2.c4 e6 3.Nc3 Nf6 4.Nf3 Nbd7 5.cxd5 exd5 6.Qc2 c6 7.Bg5 Be7 8.e3 
O-O 9.h3 Re8 10.Bd3 Ne4 11.Nxe4 dxe4 12.Bxe4 Bxg5 13.Bxh7+ Kh8 14.Bd3 Nf8 
15.O-O-O Be6 16.Kb1 a5 17.Ne5 a4 18.h4 Be7 19.h5 b5 20.Ng6+ Kg8 21.Nf4 b4 
22.Nxe6 Nxe6 23.Qxc6 Qd6 24.Qe4 Nf8 25.h6 g6 26.Bc4 Qf6 27.f4 Qf5 28.Qxf5 
gxf5 29.Rdg1 Rec8 30.b3 axb3 31.axb3 Bf6 32.g4 Rc7 33.g5 Bd8 34.g6 Nxg6 
35.Rxg6+ Kh8 36.Rg7 Rca7 37.Kc2 Bf6 38.Rxf7 Rxf7 39.Bxf7 Kh7 40.Be6 Kg6 
41.h7 Bg7 42.d5 Kf6 43.Bg8 Bh8 44.d6 Rc8+ 45.Bc4 Kg7 46.Rh5 Kg6 47.Rg5+ 
Kxh7 48.Rxf5 Bc3 49.d7 Rd8 50.Bb5 Kg7 51.e4 Kg6 52.Rg5+ Kf6 53.e5+ Ke6 54.
Rg6+ Ke7 55.e6 Bf6 56.f5 Rh8 57.Rg2 Kd8 58.Kd3 Ke7 59.Ke4 Kd6 60.Rd2+ Kc7 
61.Kd5 Kd8 62.Kc6 Rh4 63.Kb7 Rh8 64.Rc2 Bc3 65.f6 Bxf6 66.Rc8+ Ke7 67.Rxh8
Bxh8 68.Kc8 1-0